| 000 | 00776cab a2200241 4500 | ||
|---|---|---|---|
| 001 | WB3447-24 | ||
| 008 | 090401t1998 xxu||||| |||| 00| 0 eng d | ||
| 035 | _a(Sirsi) u90177 | ||
| 041 | _aeng | ||
| 245 | _aWitness protection | ||
| 260 | _c1998 | ||
| 350 | _a0 | ||
| 490 |
_aEstates Gazette _v(9849) 5 December 1998, 152(1) |
||
| 520 | _aThe Court of Appeal has ruled that an expert witness is immune from suit if they have prepared a report, which is subsequently not used. This could be because the trial is cancelled or the expert is not called as a witness. | ||
| 650 | _aCOURT OF APPEAL | ||
| 650 | _aEXPERT WITNESSES | ||
| 650 | _aIMMUNITY | ||
| 650 | _aLIABILITY | ||
| 650 | _aSTANTON V CALLAGHAN | ||
| 690 | _aLAW | ||
| 942 | _n0 | ||
| 948 | _c08/12/1998 | ||
| 999 |
_c57129 _d57129 |
||